Ptaki stwierdzone w polsce na litere B - Statystyki

Ogólne statystyki
  • Ten quiz został rozwiązany 43 razy
  • Średni wynik to 25 z 55
Statystyki odpowiedzi
Odpowiedź % Poprawnych
Bażant
79%
Bocian biały
79%
Bocian czarny
79%
Bogatka
71%
Bernikla kanadyjska
67%
Bielik
67%
Błotniak stawowy
67%
Bąk
63%
Brzegówka
63%
Batalion
58%
Bernikla białolica
58%
Białorzytka
58%
Błotniak łąkowy
58%
Bączek
54%
Biegus mały
54%
Biegus zmienny
54%
Brzęczka
54%
Bekasik
50%
Bernikla rdzawoszyja
50%
Biegus malutki
50%
Biegus morski
50%
Błotniak stepowy
50%
Błotniak zbożowy
50%
Brodziec piskliwy
50%
Bernikla obrożna
46%
Biegus rdzawy
46%
Brodziec śniady
46%
Biegus arktyczny
42%
Biegus krzywodzioby
42%
Biegus płowy
42%
Biegus białorzytny
38%
Biegus karłowaty
38%
Biegus płaskodzioby
38%
Bielaczek
38%
Brodziec plamisty
38%
Burzyk szary
38%
Bajkałówka
33%
Białorzytka płowa
33%
Białorzytka saharyjska
33%
Biegus długoskrzydły
33%
Biegus wielki
33%
Brodziec pławny
33%
Brodziec żółtonogi
33%
Burzyk północny
33%
Białorzytka pstra
29%
Białozór
29%
Birginiak
29%
Brodziec piegowaty
29%
Burzyk żółtodzioby
29%
Bagiennik żółtobrewy
25%
Białorzytka pustynna
25%
Biegus tundrowy
25%
Bielik wschodni
25%
Burzyk balearski
25%
Biegus ostrosterny
13%
Nie znaleziono quizów pasujących do podanych kryteriów
Rozkład punktacji
Procent ludzi z każdym wynikiem
Percentyl według liczby udzielonych odpowiedzi
Twoja historia wyników
Nie rozwiązałeś tego quizu